Представление документа в формате RUSMARC

ПолеНазваниеЗначение
  Тип записи a
  Библиографический уровень m
001 Контрольный номер RU/CBS_UL/BASE/594308468
005 Дата корректировки 20240209174845.1
010 Индекс ISBN __
a ISBN
b Уточнения в пер.
d Цена 50 р. 00 к.
9 Тираж экз.
100 Данные общей обработки __
a Данные общей обработки 20181031d2018 ||| 0rusy0189 ca
101 Язык документа 0_
a Язык текста rus
102 Страна публикации __
a Страна публикации RU
105 Кодированные данные (монография) __
a Кодированные данные (монография) y###||||000|y
200 Заглавие и сведения об ответственности 1_
a Заглавие Легенды и мифы о Пушкине
b Общее обозначение материала Текст
e Сведения, относящиеся к заглавию сборник
g Последующие сведения об ответственности под ред. М. Н. Виролайнен
210 Выходные данные 1_
a Место издания Санкт-Петербург
c Издательство Гуманитарное агентство "Академический проект"
d Дата издания 1999
215 Физическое описание __
a Объем 352 с.
c Иллюстрации/тип воспроизводства ил.
d Формат см.
300 Общие примечания __
a Общие примечания Ограничения по возрасту - 12+
300 Общие примечания __
a Общие примечания Под инв. номером 72047: Ц-1, 2-1
600 Персоналии _0
a Персоналии (Фамилия) Пушкин
b Персоналии (Имя, инициалы) А. С.
606 Тематические рубрики 0_
a Основная рубрика Пушкин, Александр Сергеевич (1799-1837)
610 Ключевые слова 0_
a Ключевые слова легенды
a Ключевые слова мифы
a Ключевые слова сборники
a Ключевые слова биографии
a Ключевые слова возникновение мифов
686 Индексы других классификаций __
a Классификационный индекс 83.3(2Рос=Рус)1
2 Код системы ББК
801 Источник записи _0
a Страна RU
b Организация МБУК ЦБС
c Дата составления 20181031
g Правила каталогизации RCR
801 Источник записи _1
a Страна RU
b Организация МБУК ЦБС г. Ульяновска
c Дата составления 20181031
g Правила каталогизации RCR
899 Данные о местонахождении __
i Авторский знак Л 38
j Расстановочный фильтр 83.3(2Рос=Рус)1
901 Тип документа __
t Тип документа m
910 Корректоры записи __
a Корректор записи Тургенева